| 000 | 00772nam a2200241Ia 4500 | ||
|---|---|---|---|
| 005 | 20220317000610.0 | ||
| 008 | 160601s1997 ck a g 000 0 und | ||
| 020 | _a9582001801 | ||
| 082 | 0 | 4 |
_a372.126 _bC15 |
| 245 | 1 | 0 |
_aCamino al bachillerato _bconceptos básicos de la primaria |
| 250 | _a1a. edición | ||
| 300 |
_a151 páginas _bilustraciones _c20 cm |
||
| 650 | 1 | 4 |
_2LEMB _aMediciones y pruebas educativas |
| 650 | 1 | 4 |
_2LEMB _aEstudiantes _xCalificación |
| 650 | 1 | 4 |
_2LEMB _aEducación primaria _xEvaluación |
| 650 | 1 | 4 | _2LEMB |
| 942 |
_2ddc _cBK |
||
| 264 |
_aBogotá _bMagisterio _c1997 |
||
| 336 |
_atexto _btxt _2rdacontent |
||
| 337 |
_asin mediación _bn _2rdamedia |
||
| 338 |
_avolumen _bnc _2rdacarrier |
||
| 040 |
_aCO-BoRNBP _bspa _erda _cCO-BoRNBP |
||
| 999 |
_c4522 _d4522 |
||